000 01003cam a2200313 i 4500
001 200468090
003 TR-AnTOB
005 20260413165607.0
007 ta
008 800428t19801980mauaf b 001 0beng
020 _a0395276020
020 _a9780395276020
040 _aDLC
_beng
_erda
_cDLC
_dDLC
_dTR-AnTOB
041 0 _aeng
050 1 4 _aPS1881.A2
_bM45 1980
090 _aPS1881.A2
_bM45 1980
100 1 _aMellow, James Robert,
_d1926-1997
_eauthor
_9153607
245 1 0 _aNathaniel Hawthorne in his times /
_cJames R. Mellow.
264 1 _aBoston :
_bHoughton Mifflin Company,
_c1980.
300 _axiii, 684 pages [8] leaves of plates :
_billustrations ;
_c24 cm
336 _atext
_btxt
_2rdacontent
337 _aunmediated
_bn
_2rdamedia
338 _avolume
_bnc
_2rdacarrier
504 _aBIBINDX
600 1 0 _aHawthorne, Nathaniel,
_d1804-1864
_928078
650 0 _aNovelists, American
_y19th century
_vBiography
_xBiography.
_9153113
942 _2lcc
_cBK
999 _c200468090
_d86302